000
00218nam a22000857a 4500
008
161108b xxu||||| |||| 00| 0 eng d
100
_9
1088
_a
Tayal.B.B.etal
245
_a
Social Science-VIII
260
_a
New Delhi
_b
Frank
_c
2012
999
_c
3749
_d
3749